000 00860nam a2200253Ia 4500
003 OSt
005 20221005111817.0
006 a|||||r|||| 00| 0
007 ta
008 221004b |||||||| |||| 00| 0 snd d
024 _a19821
037 _bGift, 24/06/2015,
_cTextual
040 _aCRL
_cCRL
_bsnd
041 _2snd
_asnd
082 _aO1593,1x, N9
100 _aज्ञाप्रटे, सरल
245 0 _aतू सिंधी क्यो है
246 _aTū siandhī kyo hai
260 _aलखनऊ
_bउत्तर प्रदेश सिंधी अकादमी भारत
_c1999
300 _a144पृ0
_ccm.
650 _aसिन्धी साहित्य
942 _hO1593,1x, N9
_cTEXL
_2cc
999 _c1022988
_d1022988